Normal view MARC view
  • United Kingdom

Entry Corporate Name

Number of records used in: 1

001 - CONTROL NUMBER

  • control field: 4777

003 - CONTROL NUMBER IDENTIFIER

  • control field: OSt

005 - DATE AND TIME OF LATEST TRANSACTION

  • control field: 20190806150237.0

008 - FIXED-LENGTH DATA ELEMENTS

  • fixed length control field: 051018n| aaannaabn |n ana d

040 ## - CATALOGING SOURCE

  • Original cataloging agency: OSt
  • Transcribing agency: OSt

110 1# - HEADING--CORPORATE NAME

  • Corporate name or jurisdiction name as entry element: United Kingdom
  • Subordinate unit: Parliament
  • Subordinate unit: House of Lords
  • Subordinate unit: Select Committee on Science and Technology

410 ## - SEE FROM TRACING--CORPORATE NAME

  • Corporate name or jurisdiction name as entry element: United Kingdom
  • Subordinate unit: House of Lords
  • Subordinate unit: Select Committee on Science and Technology

410 ## - SEE FROM TRACING--CORPORATE NAME

  • Subordinate unit: House of Lords
  • Subordinate unit: Select Comminittee on Science and Technology

410 ## - SEE FROM TRACING--CORPORATE NAME

  • Corporate name or jurisdiction name as entry element: Science and Technology Select Committee

670 ## - SOURCE DATA FOUND

  • Source citation: Energy efficiency, 2005